History of education / (Record no. 67959)

MARC details
000 -LEADER
fixed length control field 00414nam a22001457a 4500
005 - DATE AND TIME OF LATEST TRANSACTION
control field 20180531134755.0
020 ## - INTERNATIONAL STANDARD BOOK NUMBER
International Standard Book Number 8176487058
Terms of availability Rs.595.00 (hbk)
035 ## - SYSTEM CONTROL NUMBER
System control number B-121844, B-121846
037 ## - SOURCE OF ACQUISITION
Stock number DPL
Source of stock number/acquisition ENG
100 ## - MAIN ENTRY--PERSONAL NAME
Personal name Rao, V.K.
245 ## - TITLE STATEMENT
Title History of education /
Statement of responsibility, etc by V.K. Rao
260 ## - PUBLICATION, DISTRIBUTION, ETC. (IMPRINT)
Place of publication, distribution, etc New Delhi
Name of publisher, distributor, etc APH Publishing Corporation
Date of publication, distribution, etc 2005
300 ## - PHYSICAL DESCRIPTION
Extent 270p.
Dimensions 20 cms.
942 ## - ADDED ENTRY ELEMENTS (KOHA)
Source of classification or shelving scheme Dewey Decimal Classification
Item type English Books
Classification part 370.9
Call number suffix RAO
Holdings
Withdrawn status Lost status Not for loan Collection code Home library Current library Date acquired Cost, normal purchase price Full call number Barcode Cost, replacement price Koha item type Source of acquisition
      Non-fiction Sarojini Nagar Sarojini Nagar 15/06/2012 595.00 370.9 RAO B-121844 595.00 English Books  
      Non-fiction Shahdara Branch Shahdara Branch 31/05/2018 595.00 370.9 RAO B-121846 595.00 English Books BPPD/PUB

© Delhi Public Library
Hit Counter
free hit counter